MENGAPA AKU HARUS MEMBACA? / (Record no. 203493)

MARC details
000 -LEADER
fixed length control field 00955nam a2200265 i 4500
005 - DATE AND TIME OF LATEST TRANSACTION
control field 20260406120848.0
008 - FIXED-LENGTH DATA ELEMENTS--GENERAL INFORMATION
fixed length control field 260325s2025 my gr 000 jbmay d
020 ## - INTERNATIONAL STANDARD BOOK NUMBER
International Standard Book Number 9789672275152
Terms of availability RM42.00
Qualifying information paperback
040 ## - CATALOGING SOURCE
Original cataloging agency PPAK
Language of cataloging eng
Transcribing agency PPAK
Description conventions rda
041 0# - LANGUAGE CODE
Language code of text/sound track or separate title may
Language code of original ind
082 04 - DEWEY DECIMAL CLASSIFICATION NUMBER
Edition number 23
Classification number 899.221301
090 00 - LOCALLY ASSIGNED LC-TYPE CALL NUMBER (OCLC); LOCAL CALL NUMBER (RLIN)
Classification number (OCLC) (R) ; Classification number, CALL (RLIN) (NR) 899.221301
Feature heading ABI
Feature heading G
100 0# - MAIN ENTRY--PERSONAL NAME
Personal name Abinaya Ghina Jamela,
Dates associated with a name 2009-
Relator term author.
245 10 - TITLE STATEMENT
Title MENGAPA AKU HARUS MEMBACA? /
Statement of responsibility, etc. karya Abinaya Ghina Jamela ; terjemahan oleh Sayidah Mu'izzah ; Editor: Sayidah Mu'izzah ; Ilustrasi: Annisa Wijaya
264 #1 - PRODUCTION, PUBLICATION, DISTRIBUTION, MANUFACTURE, AND COPYRIGHT NOTICE
Place of production, publication, distribution, manufacture Kajang, Selangor :
Name of producer, publisher, distributor, manufacturer LEGASI OAKHEART,
Date of production, publication, distribution, manufacture, or copyright notice 2025
300 ## - PHYSICAL DESCRIPTION
Extent 100 pages ;
Dimensions 18 cm
336 ## - CONTENT TYPE
Content type term text
Source rdacontent
337 ## - MEDIA TYPE
Media type term unmediated
Source rdamedia
338 ## - CARRIER TYPE
Carrier type term volume
Source rdacarrier
650 10 - SUBJECT ADDED ENTRY--TOPICAL TERM
Topical term or geographic name entry element Short stories, Indonesian
Topical term or geographic name entry element Indonesian fiction
700 0# - ADDED ENTRY--PERSONAL NAME
Personal name Sayidah Mu'izzah,
Relator term translator
-- editor.
Personal name Annisa Wijaya,
Relator term illustrator.
942 ## - ADDED ENTRY ELEMENTS (KOHA)
Source of classification or shelving scheme Dewey Decimal Classification
Koha item type Book
Holdings
Withdrawn Not for loan Current library Shelving location Date acquired Total Checkouts Full call number Barcode Date last seen Koha item type
    Perpustakaan Alor Setar Pinjaman Dewasa 12/04/2026   899.221301 ABI A01902350 12/04/2026 Book
    Perpustakaan Awam Sungai Petani Pinjaman Dewasa 12/04/2026   899.221301 ABI A01902351 12/04/2026 Book
    Perpustakaan Baling Pinjaman Dewasa 12/04/2026   899.221301 ABI A01902355 12/04/2026 Book
    Perpustakaan Bandar Baharu Pinjaman Dewasa 12/04/2026   899.221301 ABI A01902356 12/04/2026 Book
    Perpustakaan Jitra Pinjaman Dewasa 12/04/2026   899.221301 ABI A01902352 12/04/2026 Book
    Perpustakaan Kuala Nerang Pinjaman Dewasa 12/04/2026   899.221301 ABI A01902360 12/04/2026 Book
    Perpustakaan Kulim Pinjaman Dewasa 12/04/2026   899.221301 ABI A01902354 12/04/2026 Book
    Perpustakaan Langkawi Pinjaman Dewasa 12/04/2026   899.221301 ABI A01902353 12/04/2026 Book
    Perpustakaan Merbok Pinjaman Dewasa 12/04/2026   899.221301 ABI A01902357 12/04/2026 Book
    Perpustakaan Pendang Pinjaman Dewasa 12/04/2026   899.221301 ABI A01902361 12/04/2026 Book
    Perpustakaan Sik Pinjaman Dewasa 12/04/2026   899.221301 ABI A01902359 12/04/2026 Book
    Perpustakaan Yan Pinjaman Dewasa 12/04/2026   899.221301 ABI A01902358 12/04/2026 Book